| 000 | 00496nam a2200169 i 4500 | ||
|---|---|---|---|
| 001 | 95761 | ||
| 003 | ES-MaACL | ||
| 005 | 20230906181752.0 | ||
| 007 | t| | ||
| 008 | 050603s1951 sp |||| | spa d | ||
| 100 | 1 |
_aLluís y Navas, Jaime. _972976 |
|
| 245 | 1 | 3 |
_aEl sujeto de la historia y los problemas de su estudio / _cJaime Lluís y Navas. |
| 260 |
_aBarcelona : _bErasmo, _c1951. |
||
| 300 |
_a26 p. ; _c25 cm. |
||
| 650 | 4 |
_aFilosofía- _vHistoria. _9158248 |
|
| 852 |
_aES-MaACL _j1941-F-12 |
||
| 999 |
_c95761 _d95761 |
||